Rubber patta marachalum tap cheyyam (Malayalam) (Record no. 45710)
[ view plain ]
| 000 -LEADER | |
|---|---|
| fixed length control field | 00258nam a2200097Ia 4500 |
| 100 ## - MAIN ENTRY--AUTHOR NAME | |
| Personal name | Vijayakumar KR |
| 245 #0 - TITLE STATEMENT | |
| Title | Rubber patta marachalum tap cheyyam (Malayalam) |
| 260 ## - PUBLICATION, DISTRIBUTION, ETC. (IMPRINT) | |
| Name of publisher | Deepika daily |
| Year of publication | 2004 |
| 942 ## - ADDED ENTRY ELEMENTS (KOHA) | |
| Koha item type | Reprints |
| Withdrawn status | Lost status | Damaged status | Not for loan | Home library | Current library | Date acquired | Serial Enumeration / chronology | Koha item type |
|---|---|---|---|---|---|---|---|---|
| Reprints | RRII Library | RRII Library | 22/12/2021 | Volume 14-Sep, Issue | Reprints |